| 000 | 00531nam a2200181 a 4500 | ||
|---|---|---|---|
| 005 | 20140412111233.0 | ||
| 008 | 010502s19uu xx 00 eng d | ||
| 020 | _a0-590-40360-5 | ||
| 050 |
_aER _bMa27At 1986 |
||
| 100 | _aCole, Joanna | ||
| 245 |
_aThe magic school bus: at the waterworks / _cby Joanna Cole; illustrated by Bruce Degen. |
||
| 260 |
_aNew York : _bScholastic Inc, _c1986. |
||
| 300 | _a39p. ; ill. | ||
| 440 | _aThe Magic School Bus | ||
| 650 | _aWater-Stories | ||
| 650 | _aWater-Fiction | ||
| 999 |
_c102257 _d102257 |
||